000 00739nam a2200217 a 4500
999 _c6476
_d6476
001 6476
003 BD-JhCC
005 20180125124040.0
008 180123s2000 bg |||| |||| 000 0 ben d
035 _a(BD-JhCC)
040 _aBD-JhCC
_dBD-JhCC
041 _aben
082 _a004
_bRAH 2000
100 _aরহমান, মুজিবুর
245 _aউচ্চ মাধ্যমিক কম্পিউটা শিক্ষা দ্বিতীয় পত্র /
_cমুজিবুর রহমান
260 _aঢাকা :
_bভয়েজার পাবলিকেশন্স,
_c২০০০
300 _a339 p;,
_c22 cm
650 _aComputer Science
650 _aComputer Literacy
942 _2ddc
_cBK